00480nam a22001577a 450000500170000002000260001703500130004303700170005608200060007310000300007924500680010926000360017727000670021330000220028070000200030220170501103823.0 a9788184001440c250.00 aB-667554 bKBD/Venadpl aS aChatterji, Bankim Chandra aMonto :ctranslated by Aatish Taseer bselected short stories / aGurgaon bPenguin Random c2012 a7th Floor, Infinity Tower C, DLF Cyber City,bGurgaon e122002 a158p. c21cm(pbk) aTaseer, Aatish